Dirección estratégica con enfoque sistémico (Registro nro. 170035)
[ vista simple ]
| 000 -LEADER | |
|---|---|
| fixed length control field | 02457nam a22002537a 4500 |
| 007 - PHYSICAL DESCRIPTION FIXED FIELD--GENERAL INFORMATION | |
| fixed length control field | cr|||| |||| |
| 008 - FIXED-LENGTH DATA ELEMENTS--GENERAL INFORMATION | |
| fixed length control field | 210616s2020 co |||||s|||| 00||0 spa d |
| 020 ## - INTERNATIONAL STANDARD BOOK NUMBER | |
| International Standard Book Number | 978-958-792-217-2 |
| 035 ## - | |
| -- | 33455 |
| 040 ## - CATALOGING SOURCE | |
| Original cataloging agency | vLex |
| 090 ## - | |
| -- | 11799 |
| -- | 11799 |
| 100 1# - MAIN ENTRY--PERSONAL NAME | |
| Personal name | Plazas Porras, Alberto |
| 245 10 - TITLE STATEMENT | |
| Title | Dirección estratégica con enfoque sistémico |
| Medium | [Recurso electrónico] / |
| Statement of responsibility, etc | Alberto Plazas Porras |
| 256 ## - | |
| -- | Servicio en línea |
| 260 ## - PUBLICATION, DISTRIBUTION, ETC. (IMPRINT) | |
| Place of publication, distribution, etc | Bogotá: |
| Name of publisher, distributor, etc | Ediciones de la U, |
| Date of publication, distribution, etc | 2020 |
| 300 ## - PHYSICAL DESCRIPTION | |
| Extent | 1 recurso electrónico |
| 500 ## - GENERAL NOTE | |
| General note | Esta propuesta es el resultado de haber dado forma a las notas de clase utilizadas en los cursos de Dirección Estratégica, desde 2011 a 2020, en los progra¬mas de pregrado y posgrado de universidades en la ciudad de Bogotá.Es claro que existen muchos libros escritos en relación con este importante tema, la mayoría en Estados Unidos de América; en ellos se presentan mode¬los que facilitan el desarrollo del proceso estratégico, buscando ayudar a las organizaciones que los usan a diseñar planes que les permitan proyectarse a mediano y largo plazo.La estrategia se centra en buscar acciones que permitan a una organización ir tras un futuro deseado. Normalmente se piensa que esto es aplicable solamen¬te a organizaciones con ánimo de lucro, pero, en realidad, es una poderosa he¬rramienta para todo tipo de organización, sea privada o pública, así como para sectores industriales, Gobiernos locales, regiones, micro y pequeñas empresas e incluso para la administración de países. La plataforma estratégica debe ela¬borarse a la medida de cada organización, dado que no existe una solución o un esquema preestablecido que pueda ser generalizado y usado en organiza¬ciones similares. El procedimiento por seguir es posible estandarizarlo, pero requiere que los responsables desarrollen un cuidadoso trabajo de adaptación al contexto y el uso de los conceptos y modelos. |
| 506 1# - RESTRICTIONS ON ACCESS NOTE | |
| Terms governing access | Disponible solo en los productos indicados |
| Authorized users | vLex Global |
| -- | vLex Global (Academic Edition, excluding Law Schools) |
| -- | vLex Global (U.S. Academic Edition, Law Schools) |
| -- | vLex Global (U.S. Academic Edition, excluding Law Schools) |
| -- | vLex Global (Academic Edition, Law Schools) |
| 650 04 - SUBJECT ADDED ENTRY--TOPICAL TERM | |
| Topical term or geographic name as entry element | Administración (Management) |
| Geographic subdivision | Colombia |
| 740 0# - | |
| -- | vLex Libros (Servicio en línea) |
| 856 40 - LOCALIZACIÓN Y ACCESO ELECTRÓNICO | |
| Identificador Uniforme del Recurso (URI/URL) | https://vlex.com/source/direccion-estrategica-con-enfoque-sistemico-33455 |
| 942 ## - | |
| -- | RAA |
| 999 ## - | |
| -- | 170035 |
| -- | 170035 |
No hay ítems disponibles.